000 nam a22 a 4500
999 _c402298
_d402298
003 BLK
005 20210928155423.0
008 210324b bu |||||r|||| 00| | bu d
040 _aBLK
041 _aBUL
_cBUL
080 _aВъзпитание. Образование. Просвета. Организация на свободното време. Вж и 003;021. 3;159. 9;612;613;727
_b37
_x(44)
_z37(44)
100 _91299
_aFenelon, Francois de Salignac de la Mothe
_eпърви автор
139 _aFenelon, Francois de Salignac de la Mothe
245 _aDe Lèducation des filles
_btexte revu sur les meilleures edition et annote
_cFenelon ; Paul Feuilleret
260 _9443444
_aParis
_bLibrairie Garnier Freres
_c1883
300 _a171с.
_c19 см
380 _a3
490 _9435080
_aКолекция Редки и ценни издания
650 7 _9164439
_aОбразование
650 7 _9152929
_aДевойки - образование
653 7 _9191339
_aмомичета
653 7 _9184678
_aдевойки
700 _91311
_aFeuilleret, Paul
_eред.
852 _aРф 883
_bРц
942 _cKNG
_n0
_s1
944 _aCR
_c2021-03-24
_kМикаела Микова - Илиева
_l2021-03-24
999 _d402298
999 _d402298
999 _d402298